000 00297nam a22001337a 4500
008 170405b xxu||||| |||| 00| 0 eng d
020 _a9780072951721
041 _aeng
080 _28 ED
_a574
100 _a9
101 _aSHM
245 _aENVIROMENTAL SCIENCE
_cCUNNIGHAM.W.P
942 _2udc
_cBK
999 _c9762
_d9762